000
00297nam a2200121Ia 4500
008
201210s9999 xx 000 0 und d
100
_a
Kothari, G. M
245
0
_a
Labour Law and Practice
260
_a
Calcutta
_b
International Law Book Centre
_c
1979
300
_a
0
490
_v
Vol-I
942
_c
BK
999
_c
5309
_d
5309